[Event "NK C Jeugd"]
[Site "Chess.com"]
[Date "2020.05.01"]
[Round "4"]
[White "Smeets, Kobe"]
[Black "Slagboom, Leandro"]
[Result "1/2-1/2"]
[WhiteElo "1997"]
[BlackElo "1916"]
[PlyCount "72"]
[EventDate "2020.05.??"]

1. e4 c5 2. Nf3 d6 3. d4 cxd4 4. Nxd4 Nf6 5. f3 e5 6. Nb3 Be6 7. Nc3 a6 8. Be3
h5 9. Be2 Nbd7 10. O-O Be7 11. Qd2 O-O 12. Nd5 Bxd5 13. exd5 Qc7 14. c4 Rfe8
15. Rac1 Rac8 16. Rfd1 Qb8 17. Bd3 Bd8 18. Kh1 Bb6 19. Bxb6 Nxb6 20. Qe3 Na4
21. Rc2 Qc7 22. Nd2 Nc5 23. Ne4 Ncxe4 24. Bxe4 Qc5 25. Qxc5 Rxc5 26. b4 Rc7 27.
Rdc1 Nxe4 28. fxe4 b5 29. c5 Rec8 30. Kg1 Kf8 31. Kf2 Ke7 32. Ke3 Kd7 33. Kd3
a5 34. cxd6 Rxc2 35. Rxc2 Rxc2 36. Kxc2 a4 1/2-1/2

[Event "NK C Jeugd"]
[Site "Chess.com"]
[Date "2020.05.01"]
[Round "4"]
[White "Van Foreest, Machteld"]
[Black "Bakija, Alan"]
[Result "1-0"]
[WhiteElo "1970"]
[BlackElo "1765"]
[PlyCount "71"]
[EventDate "2020.05.??"]

1. e4 c6 2. d4 d5 3. Nd2 Nf6 4. e5 Ne4 5. Bd3 Nxd2 6. Bxd2 e6 7. Nf3 Be7 8. O-O
O-O 9. c3 c5 10. Rc1 Nc6 11. Bb1 Bd7 12. Qc2 g6 13. Bh6 Re8 14. g3 Rc8 15. Qe2
Bf8 16. Bg5 Be7 17. Bh6 Bf8 18. Qe3 Ne7 19. Bxf8 Rxf8 20. Qh6 f5 21. Ng5 Rf7
22. Nxf7 Kxf7 23. Qxh7+ Kf8 24. Qh6+ Kf7 25. Qh7+ Kf8 26. h4 Qe8 27. Kg2 cxd4
28. cxd4 Nc6 29. Qh8+ Kf7 30. Qf6+ Kg8 31. h5 gxh5 32. Qg5+ Kf8 33. Rh1 Qf7 34.
Rxh5 Qg7 35. Qh4 Nxd4 36. Rxc8+ 1-0

[Event "NK C Jeugd"]
[Site "Chess.com"]
[Date "2020.05.01"]
[Round "4"]
[White "Van Foreest, Nanne"]
[Black "Labruyère, Roger"]
[Result "1/2-1/2"]
[WhiteElo "1841"]
[BlackElo "1914"]
[PlyCount "77"]
[EventDate "2020.05.??"]

1. e4 c5 2. Nf3 e6 3. d4 cxd4 4. Nxd4 Nc6 5. Nc3 Qc7 6. Be3 a6 7. Be2 Nf6 8.
O-O Bb4 9. f3 O-O 10. a3 Bxc3 11. bxc3 d5 12. Nxc6 Qxc6 13. e5 Nd7 14. Bd4 b5
15. Bd3 Nb6 16. f4 g6 17. Rf3 Nc4 18. Rh3 Nb2 19. Qe1 Nxd3 20. Qh4 h5 21. cxd3
Kg7 22. Qf6+ Kg8 23. Rf1 Qc7 24. Rxh5 gxh5 25. Qg5+ Kh7 26. Qxh5+ Kg7 27. Qg5+
Kh8 28. Rf3 f5 29. exf6 e5 30. Rh3+ Bxh3 31. Bxe5 Qf7 32. Qh6+ Kg8 33. Qg5+ Kh7
34. Qh4+ Kg6 35. Qg5+ Kh7 36. Qh4+ Kg8 37. Qg5+ Kh8 38. Qh6+ Kg8 39. Qg5+
1/2-1/2

[Event "NK C Jeugd"]
[Site "Chess.com"]
[Date "2020.05.01"]
[Round "4"]
[White "Wieggers, Wouter"]
[Black "Shadrin, Mitia"]
[Result "0-1"]
[WhiteElo "1561"]
[BlackElo "1616"]
[PlyCount "74"]
[EventDate "2020.05.??"]

1. e4 c5 2. Nf3 g6 3. d4 cxd4 4. Nxd4 Nc6 5. Nc3 Bg7 6. Be3 Nf6 7. Bc4 O-O 8.
Bb3 d6 9. f3 Bd7 10. Qd2 Qa5 11. g4 Ne5 12. h4 b5 13. h5 b4 14. Nd5 Nxd5 15.
Bxd5 e6 16. Bxa8 Nc4 17. Qc1 Nxe3 18. Qxe3 Rxa8 19. Nb3 Qc7 20. O-O-O a5 21.
hxg6 fxg6 22. Rd2 a4 23. Nd4 b3 24. axb3 axb3 25. Nxb3 Ra2 26. c3 Ba4 27. Rdh2
Bxb3 28. Rxh7 Ra1+ 29. Kd2 Rxh1 30. Rxh1 Qa5 31. Qd3 Qc5 32. Ra1 Qf2+ 33. Qe2
Bh6+ 34. Kd3 Bc4+ 35. Kxc4 Qxe2+ 36. Kb3 Qb5+ 37. Kc2 Kf7 0-1

[Event "NK C Jeugd"]
[Site "Chess.com"]
[Date "2020.05.01"]
[Round "5"]
[White "Aarts, Joaquin"]
[Black "Groen, Jari"]
[Result "1/2-1/2"]
[WhiteElo "1437"]
[BlackElo "1721"]
[PlyCount "101"]
[EventDate "2020.05.??"]

1. d4 Nf6 2. Bf4 e6 3. Nf3 c5 4. c3 d5 5. e3 Nc6 6. Bd3 Bd6 7. Bg5 h6 8. Bh4
O-O 9. Qc2 b6 10. Nbd2 Bb7 11. g4 Be7 12. Bxf6 Bxf6 13. Rg1 e5 14. g5 hxg5 15.
Bh7+ Kh8 16. dxe5 Nxe5 17. Rg3 Bc8 18. Bf5 g6 19. Rh3+ Kg7 20. Bxc8 Rxc8 21.
O-O-O Nxf3 22. Nxf3 g4 23. Rg3 gxf3 24. Rdg1 Rh8 25. h3 Rh6 26. Rxf3 d4 27.
Rfg3 dxc3 28. bxc3 Qe7 29. f4 Bh4 30. Rf3 Qf6 31. f5 g5 32. Qe4 Rc7 33. Kc2 Re7
34. Qg4 Re5 35. e4 Rh8 36. Qg2 Kf8 37. Qg4 Ke7 38. Rd3 Rd8 39. Rgd1 Rxd3 40.
Rxd3 Bf2 41. Qd1 Qc6 42. Kb2 Rxe4 43. Qf3 Qb7 44. Qxf2 Kf6 45. Rd6+ Kg7 46. Qg2
Qc7 47. Qxg5+ Kf8 48. Rd8+ Re8 49. Rxe8+ Kxe8 50. Qg8+ Ke7 51. Qg5+ 1/2-1/2

[Event "NK C Jeugd"]
[Site "Chess.com"]
[Date "2020.05.01"]
[Round "5"]
[White "Achuthan, Dylan"]
[Black "Grooten, Tommy"]
[Result "1-0"]
[WhiteElo "1328"]
[BlackElo "1847"]
[PlyCount "41"]
[EventDate "2020.05.??"]

1. e4 c5 2. Nf3 e6 3. c3 Nf6 4. e5 Nd5 5. d4 cxd4 6. cxd4 Nc6 7. Bc4 d6 8. O-O
Be7 9. Re1 O-O 10. Nc3 Nxc3 11. bxc3 dxe5 12. Nxe5 Nxe5 13. Rxe5 Qc7 14. Qe2 a6
15. Bd3 Qxc3 16. Bb2 Qc6 17. d5 Qb6 18. Rh5 g6 19. Rxh7 Kxh7 20. Qh5+ Kg8 21.
Qh8# 1-0

[Event "NK C Jeugd"]
[Site "Chess.com"]
[Date "2020.05.01"]
[Round "5"]
[White "Bakija, Alan"]
[Black "Huang, Wendy"]
[Result "1-0"]
[WhiteElo "1765"]
[BlackElo "1864"]
[PlyCount "75"]
[EventDate "2020.05.??"]

1. Nf3 d5 2. g3 Nf6 3. Bg2 c5 4. O-O Nc6 5. d4 e6 6. c4 cxd4 7. Nxd4 Be7 8. Nc3
O-O 9. Nxc6 bxc6 10. Bf4 Ba6 11. cxd5 cxd5 12. Re1 Rc8 13. Qa4 Qb6 14. Be3 Qc6
15. Qxc6 Rxc6 16. Bxa7 Bb4 17. Bd4 Ne4 18. Bxe4 dxe4 19. a3 Bxc3 20. Bxc3 Rd8
21. Ba5 Rdc8 22. b4 h6 23. a4 Rc2 24. b5 Bb7 25. Bb6 Rb2 26. Rab1 Rxb1 27. Rxb1
Ra8 28. a5 Bd5 29. a6 Bc4 30. Kf1 f5 31. Bd4 Kf7 32. a7 Bd5 33. b6 Bb7 34. Rc1
Kg8 35. Rc7 Bd5 36. b7 Bxb7 37. Rxb7 Rd8 38. Rb8 1-0

[Event "NK C Jeugd"]
[Site "Chess.com"]
[Date "2020.05.01"]
[Round "5"]
[White "De Heij, Mees"]
[Black "Wieggers, Wouter"]
[Result "0-1"]
[WhiteElo "1559"]
[BlackElo "1569"]
[PlyCount "136"]
[EventDate "2020.05.??"]

1. e4 c5 2. Nf3 Nc6 3. d4 cxd4 4. Nxd4 g6 5. Nc3 Bg7 6. Be3 Nf6 7. f3 O-O 8.
Bc4 Qb6 9. O-O Nxe4 10. fxe4 Bxd4 11. Bxd4 Qxd4+ 12. Qxd4 Nxd4 13. a3 Nxc2 14.
Rac1 Ne3 15. Nd5 Nxf1 16. Nxe7+ Kg7 17. Rxf1 d6 18. h3 Be6 19. Nd5 Bxd5 20.
Bxd5 Rab8 21. b4 b6 22. Kh2 Rbc8 23. h4 Rc3 24. a4 Ra3 25. a5 bxa5 26. bxa5
Rxa5 27. Kh3 Ra3+ 28. g3 a5 29. Rb1 a4 30. Rb7 Ra1 31. Ra7 a3 32. Kg4 h5+ 33.
Kg5 a2 34. Bxa2 Rg1 35. Kf4 Rf1+ 36. Ke3 Re1+ 37. Kf2 Rxe4 38. Ra6 Rd4 39. Ke3
Rg4 40. Kf3 Rc8 41. Ra7 Rf8 42. Rd7 Rd4 43. Ke3 Rg4 44. Kf3 Ra4 45. Bd5 Rd4 46.
Ba2 Rd2 47. Ke3 Rxa2 48. Rxd6 Ra3+ 49. Kf4 Ra4+ 50. Kf3 Rg4 51. Rd7 Ra8 52. Rd3
Ra1 53. Kf2 Ra2+ 54. Kf3 Rh2 55. Rd5 Rh3 56. Rd2 Rhxg3+ 57. Kf2 Rg2+ 58. Ke1
Rxd2 59. Kxd2 Rxh4 60. Ke3 f5 61. Ke2 Rg4 62. Kf3 h4 63. Kf2 h3 64. Kf3 h2 65.
Kf2 h1=Q 66. Ke3 Qe4+ 67. Kf2 Rg2+ 68. Kf1 Qe2# 0-1

[Event "NK C Jeugd"]
[Site "Chess.com"]
[Date "2020.05.01"]
[Round "5"]
[White "Ekker, Joshua"]
[Black "Qi, Zimo"]
[Result "0-1"]
[WhiteElo "1247"]
[BlackElo "1718"]
[PlyCount "114"]
[EventDate "2020.05.??"]

1. e4 c5 2. Nf3 e6 3. d4 cxd4 4. Nxd4 a6 5. Nc3 Qc7 6. Be3 Nf6 7. f3 Bb4 8. Qd2
d5 9. a3 Bxc3 10. bxc3 dxe4 11. fxe4 Nxe4 12. Qd3 Qxc3+ 13. Qxc3 Nxc3 14. Kd2
Nd5 15. Rb1 Nd7 16. c4 Nxe3 17. Kxe3 Nc5 18. Rb6 Bd7 19. Nb3 Nxb3 20. Rxb3 Bc6
21. Rg1 Rd8 22. Be2 Ke7 23. g3 Rd7 24. Rgb1 Rhd8 25. Bf3 Bxf3 26. Kxf3 Rd3+ 27.
Rxd3 Rxd3+ 28. Ke2 Rxa3 29. Rxb7+ Kf6 30. Rb6 Rc3 31. Rxa6 Rxc4 32. Kd3 Rc5 33.
Ra4 Rh5 34. h4 g5 35. g4 Rxh4 36. Ke3 h5 37. Kf3 Rxg4 38. Rxg4 hxg4+ 39. Kxg4
Kg6 40. Kg3 f5 41. Kf3 e5 42. Kg3 e4 43. Kf2 f4 44. Ke2 g4 45. Kf2 Kf5 46. Ke2
g3 47. Ke1 f3 48. Kf1 e3 49. Ke1 g2 50. Kd1 f2 51. Ke2 Kf4 52. Kd1 f1=Q+ 53.
Kc2 g1=Q 54. Kb2 Qa1+ 55. Kb3 Qgc1 56. Kb4 Qaa3+ 57. Kb5 Qcc5# 0-1

[Event "NK C Jeugd"]
[Site "Chess.com"]
[Date "2020.05.01"]
[Round "5"]
[White "Kazarjan, Gachatur"]
[Black "Arnold, Rhys"]
[Result "1-0"]
[WhiteElo "1458"]
[BlackElo "1712"]
[PlyCount "75"]
[EventDate "2020.05.??"]

1. e4 c5 2. Nf3 Nc6 3. d4 cxd4 4. Nxd4 e5 5. Nb3 Nf6 6. Nc3 Bb4 7. Bd3 O-O 8.
O-O Bxc3 9. bxc3 d5 10. exd5 Nxd5 11. Bb2 f5 12. c4 Nf4 13. Qd2 Qg5 14. f3 a5
15. a4 Nb4 16. Bxe5 Nh3+ 17. Kh1 f4 18. Bd6 Nxd3 19. cxd3 Rd8 20. Bc5 Qh5 21.
gxh3 Bxh3 22. Rf2 Bf5 23. d4 b6 24. Bxb6 Rdb8 25. c5 Qf7 26. Nc1 Be6 27. Nd3
Bd5 28. Ne5 Qh5 29. Rg1 Rf8 30. Qd3 Rf6 31. Rfg2 Rh6 32. Rxg7+ Kh8 33. R7g2 Rb8
34. Bc7 Rc8 35. Bd6 Rd8 36. Ng4 Rg6 37. Be5+ Kg8 38. Nf6+ 1-0

[Event "NK C Jeugd"]
[Site "Chess.com"]
[Date "2020.05.01"]
[Round "5"]
[White "Niemeijer, Léon"]
[Black "Kumar, Prajit Sai"]
[Result "0-1"]
[WhiteElo "1582"]
[BlackElo "1835"]
[PlyCount "45"]
[EventDate "2020.05.??"]

1. d4 d5 2. c4 dxc4 3. e3 Nf6 4. Bxc4 e6 5. Nf3 a6 6. Nc3 b5 7. Bd3 Bb7 8. O-O
Be7 9. Re1 Nbd7 10. e4 c5 11. a3 O-O 12. b3 cxd4 13. Nxd4 Ne5 14. Bc2 Rc8 15.
Bb2 Bc5 16. Nde2 Qb6 17. Rf1 Rfd8 18. Qe1 Nc6 19. Rd1 Nd4 20. Nxd4 Bxd4 21. Qd2
Bxc3 22. Qxd8+ Rxd8 23. Bxc3 0-1

[Event "NK C Jeugd"]
[Site "Chess.com"]
[Date "2020.05.01"]
[Round "5"]
[White "Shadrin, Mitia"]
[Black "Labruyère, Roger"]
[Result "0-1"]
[WhiteElo "1612"]
[BlackElo "1917"]
[PlyCount "32"]
[EventDate "2020.05.??"]

1. e4 d6 2. Nf3 e5 3. Bc4 Be7 4. O-O Nf6 5. Nc3 O-O 6. d4 Nbd7 7. d5 a5 8. a4
Nc5 9. Re1 Bg4 10. h3 Bh5 11. Ba2 Bg6 12. Nd2 Qd7 13. Qf3 Nxa4 14. Nc4 Nxc3 15.
bxc3 b5 16. Ne3 Nxe4 0-1

[Event "NK C Jeugd"]
[Site "Chess.com"]
[Date "2020.05.01"]
[Round "5"]
[White "Slagboom, Leandro"]
[Black "Brandsma, Romayn"]
[Result "0-1"]
[WhiteElo "1905"]
[BlackElo "1827"]
[PlyCount "100"]
[EventDate "2020.05.??"]

1. Nf3 c5 2. e4 Nc6 3. d4 cxd4 4. Nxd4 e6 5. Nc3 d6 6. Be3 Be7 7. Be2 Nf6 8.
O-O O-O 9. Kh1 Qc7 10. f3 a6 11. a4 Bd7 12. Qd2 Rac8 13. g4 Rfd8 14. g5 Ne8 15.
f4 Na5 16. f5 e5 17. Nf3 Bf8 18. Rac1 Nc4 19. Bxc4 Qxc4 20. Qd5 Qxd5 21. Nxd5
Nc7 22. Nxc7 Rxc7 23. Bb6 Rdc8 24. Bxc7 Rxc7 25. b3 Bc6 26. Nd2 d5 27. exd5
Bxd5+ 28. Nf3 Rc3 29. Kg2 e4 30. Nd2 e3+ 31. Nf3 e2 32. Rf2 Bc5 33. Rxe2 Bxf3+
34. Kf1 Bxe2+ 35. Kxe2 Kf8 36. Kd2 Rh3 37. Rh1 Be3+ 38. Kc3 Bxg5+ 39. Kd4 b6
40. Ke5 Ke7 41. Kd5 Kd7 42. b4 Rh4 43. c4 Rf4 44. c5 bxc5 45. Kxc5 Rxf5+ 46.
Kb6 Rf6+ 47. Ka5 Kc7 48. Re1 Rd6 49. Rb1 Kb7 50. Rb2 Bd8# 0-1

[Event "NK C Jeugd"]
[Site "Chess.com"]
[Date "2020.05.01"]
[Round "5"]
[White "Van Foreest, Machteld"]
[Black "De Winter, Arthur"]
[Result "1-0"]
[WhiteElo "2159"]
[BlackElo "2514"]
[PlyCount "173"]
[EventDate "2020.05.??"]

1. e4 c5 2. Nf3 Nc6 3. d4 cxd4 4. Nxd4 Nf6 5. Nc3 e5 6. Ndb5 d6 7. Bg5 a6 8.
Na3 b5 9. Nd5 Be7 10. Bxf6 Bxf6 11. c3 Ne7 12. Nxf6+ gxf6 13. Bd3 d5 14. Qf3 f5
15. Qg3 fxe4 16. Qxe5 Rg8 17. Bf1 Qb6 18. Nc2 Be6 19. Nd4 b4 20. Nxe6 fxe6 21.
Qd4 Qxd4 22. cxd4 Nf5 23. O-O-O Ke7 24. g3 Rac8+ 25. Kb1 Rc6 26. Be2 Rgc8 27.
g4 Nd6 28. Rc1 Nc4 29. Bxc4 Rxc4 30. b3 Rc3 31. Kb2 Kf6 32. h4 Kg6 33. Rxc3
Rxc3 34. Rc1 Rd3 35. Rc6 Kf6 36. Kc2 Rf3 37. Rxa6 Rxf2+ 38. Kd1 Rf4 39. g5+ Kf5
40. h5 Rh4 41. g6 hxg6 42. hxg6 Rg4 43. Rb6 Rxg6 44. Rxb4 Rg1+ 45. Ke2 Rg2+ 46.
Ke3 Rxa2 47. Rb8 Ra3 48. Rf8+ Kg6 49. Rb8 Kf6 50. Kf4 Ra2 51. Ke3 Rb2 52. Rf8+
Ke7 53. Rb8 Kd6 54. Kf4 Rd2 55. Rb6+ Kd7 56. Ke5 e3 57. Rd6+ Kc7 58. Rxe6 Rd3
59. b4 Rb3 60. Kxd5 Rxb4 61. Rxe3 Kd7 62. Rh3 Rb5+ 63. Kc4 Rg5 64. Rh7+ Kd6 65.
Rh6+ Kd7 66. Ra6 Rg1 67. Kc5 Rd1 68. Ra7+ Kd8 69. d5 Rh1 70. Kc6 Rc1+ 71. Kd6
Ke8 72. Ra8+ Kf7 73. Kd7 Rd1 74. d6 Kf6 75. Rf8+ Ke5 76. Re8+ Kf6 77. Re2 Kf7
78. Rf2+ Kg6 79. Ke7 Re1+ 80. Kd8 Rd1 81. d7 Rc1 82. Rf4 Kg5 83. Rf7 Kg6 84.
Re7 Rh1 85. Re5 Kf6 86. Rc5 Ke6 87. Kc8 1-0

[Event "NK C Jeugd"]
[Site "Chess.com"]
[Date "2020.05.01"]
[Round "5"]
[White "Verheij, Dana"]
[Black "Van Foreest, Nanne"]
[Result "0-1"]
[WhiteElo "1697"]
[BlackElo "1868"]
[PlyCount "46"]
[EventDate "2020.05.??"]

1. e4 e5 2. Nf3 Nc6 3. Bc4 Nf6 4. d4 exd4 5. e5 d5 6. Bb5 Ne4 7. Nxd4 Bc5 8.
Nxc6 bxc6 9. Bxc6+ Bd7 10. Bxa8 Nxf2 11. Qxd5 Nxh1 12. Bc6 Qh4+ 13. g3 Bf2+ 14.
Ke2 Qg4+ 15. Qf3 Qc4+ 16. Kd1 Bxc6 17. Qd3 Qg4+ 18. Kd2 O-O 19. Nc3 Bb6 20. b3
Nf2 21. Qf1 Rd8+ 22. Ke1 Rd1+ 23. Nxd1 Qxd1# 0-1

[Event "NK C Jeugd"]
[Site "Chess.com"]
[Date "2020.05.01"]
[Round "5"]
[White "Wierenga, Jael"]
[Black "Smeets, Kobe"]
[Result "0-1"]
[WhiteElo "1894"]
[BlackElo "2003"]
[PlyCount "62"]
[EventDate "2020.05.??"]

1. d4 Nf6 2. c4 g6 3. Nc3 Bg7 4. e4 d6 5. f3 O-O 6. Be3 e5 7. Nge2 c6 8. Qd2 a6
9. O-O-O Nbd7 10. g4 Qc7 11. Kb1 b5 12. Ng3 Nb6 13. cxb5 axb5 14. h4 Qa7 15. b3
Be6 16. Qb2 Rfb8 17. h5 Nc4 18. Bxc4 bxc4 19. d5 Qxe3 20. dxe6 cxb3 21. exf7+
Kxf7 22. hxg6+ hxg6 23. axb3 Qxf3 24. Rhg1 d5 25. exd5 cxd5 26. g5 d4 27. Nce4
Rxb3 28. gxf6 Rxb2+ 29. Kxb2 Qa3+ 30. Kc2 Rc8+ 31. Kd2 Qe3# 0-1

[Event "NK C Jeugd"]
[Site "Chess.com"]
[Date "2020.05.01"]
[Round "6"]
[White "Aarts, Joaquin"]
[Black "Verheij, Dana"]
[Result "0-1"]
[WhiteElo "1434"]
[BlackElo "1697"]
[PlyCount "43"]
[EventDate "2020.05.??"]

1. d4 Nf6 2. Bf4 e6 3. c4 c5 4. e3 d5 5. Nc3 a6 6. dxc5 Bxc5 7. cxd5 O-O 8.
dxe6 Bxe6 9. Nf3 Nc6 10. Be2 Qe7 11. O-O Rfd8 12. Qc2 Rac8 13. a3 Nd5 14. Bg3
Bd6 15. Bxd6 Qxd6 16. Ng5 g6 17. Nxe6 Qxe6 18. Qe4 Nxc3 19. Qxe6 Nxe2+ 20. Kh1
fxe6 21. Rfe1 Rd2 22. b4 0-1

[Event "NK C Jeugd"]
[Site "Chess.com"]
[Date "2020.05.01"]
[Round "6"]
[White "Achuthan, Dylan"]
[Black "Van Foreest, Machteld"]
[Result "0-1"]
[WhiteElo "1328"]
[BlackElo "2203"]
[PlyCount "50"]
[EventDate "2020.05.??"]

1. e4 e5 2. Nf3 Nc6 3. Bc4 Bc5 4. c3 Nf6 5. d4 exd4 6. e5 d5 7. Bb5 Ne4 8. cxd4
Bb6 9. Nc3 O-O 10. Be3 Bg4 11. Qc2 Bxf3 12. gxf3 Ng5 13. Qe2 Nxd4 14. Bxd4 Bxd4
15. O-O-O Bxc3 16. bxc3 Qe7 17. Kb2 Ne6 18. Qe3 c6 19. Bd3 Qc5 20. Qd2 b5 21.
Rhg1 b4 22. Rxg7+ Kxg7 23. Rg1+ Kh8 24. cxb4 Qd4+ 25. Kb1 Nf4 0-1

[Event "NK C Jeugd"]
[Site "Chess.com"]
[Date "2020.05.01"]
[Round "6"]
[White "Arnold, Rhys"]
[Black "Niemeijer, Léon"]
[Result "1/2-1/2"]
[WhiteElo "1709"]
[BlackElo "1586"]
[PlyCount "120"]
[EventDate "2020.05.??"]

1. e4 e6 2. d4 d5 3. Nd2 Nf6 4. Bd3 c5 5. c3 Nc6 6. Ngf3 dxe4 7. Nxe4 Nxe4 8.
Bxe4 Bd7 9. O-O Be7 10. Be3 Qb6 11. Qc2 h6 12. a4 O-O 13. Rfd1 cxd4 14. Nxd4
Bc5 15. Nxc6 Bxc6 16. Bxc6 Qxc6 17. Bxc5 Qxc5 18. Qe4 b5 19. axb5 Qxb5 20. Qb1
Rab8 21. Rxa7 Qxb2 22. Qxb2 Rxb2 23. h3 Rc2 24. Rc7 Rb8 25. Rdd7 Rb1+ 26. Kh2
Rxf2 27. Rd3 Rbb2 28. Rg3 Rbc2 29. c4 Rc1 30. c5 Rfc2 31. Rc8+ Kh7 32. Rc7 Rxc5
33. Rxf7 Rg5 34. Rxg5 hxg5 35. Re7 Re1 36. Kg3 Kg6 37. Kf2 Re5 38. Kf3 Kf6 39.
Ra7 Rb5 40. g4 Rb3+ 41. Kg2 g6 42. Ra6 Ke5 43. Ra5+ Kf4 44. Ra6 Rg3+ 45. Kh2
Re3 46. Kg2 Re2+ 47. Kf1 Rh2 48. Rxe6 Rxh3 49. Rxg6 Rh2 50. Kg1 Ra2 51. Rb6
Kxg4 52. Rb4+ Kg3 53. Rb3+ Kh4 54. Rb4+ g4 55. Rb3 g3 56. Rb8 Ra5 57. Kg2 Rg5
58. Rb3 Rc5 59. Rb4+ Kg5 60. Kxg3 Rc3+ 1/2-1/2

[Event "NK C Jeugd"]
[Site "Chess.com"]
[Date "2020.05.01"]
[Round "6"]
[White "Brandsma, Romayn"]
[Black "De Winter, Arthur"]
[Result "0-1"]
[WhiteElo "1826"]
[BlackElo "2514"]
[PlyCount "68"]
[EventDate "2020.05.??"]

1. e4 c5 2. c3 Nf6 3. e5 Nd5 4. g3 Nc6 5. Bg2 e6 6. d4 cxd4 7. cxd4 d6 8. Nf3
dxe5 9. dxe5 Be7 10. O-O O-O 11. Qe2 Qc7 12. Bd2 b6 13. Nc3 Ndb4 14. a3 Nd5 15.
Rac1 Qd7 16. Rfd1 a5 17. Nxd5 exd5 18. Bf4 Ba6 19. Qd2 Rad8 20. Nd4 Nxd4 21.
Qxd4 Qe6 22. Bxd5 Qg4 23. Qe4 Bc5 24. Qf3 Qh3 25. Qg2 Qg4 26. Bf3 Qe6 27. Rxd8
Rxd8 28. Bb7 Bb5 29. Qf3 Rd3 30. Qe4 Rd4 31. Qf3 h6 32. Be4 Qa2 33. Rc2 Qa1+
34. Kg2 Qf1# 0-1

[Event "NK C Jeugd"]
[Site "Chess.com"]
[Date "2020.05.01"]
[Round "6"]
[White "Ekker, Joshua"]
[Black "Nitrauw, Peter"]
[Result "0-1"]
[WhiteElo "1222"]
[BlackElo "1643"]
[PlyCount "30"]
[EventDate "2020.05.??"]

1. e4 c5 2. Nf3 Nc6 3. d4 cxd4 4. Nxd4 Nf6 5. Nc3 e5 6. Ndb5 d6 7. Bg5 a6 8.
Na3 b5 9. Nd5 Be7 10. c3 Bb7 11. Be2 Nxd5 12. exd5 Bxg5 13. dxc6 Bxc6 14. h4
Bf6 15. g3 Bxh1 0-1

[Event "NK C Jeugd"]
[Site "Chess.com"]
[Date "2020.05.01"]
[Round "6"]
[White "Groen, Jari"]
[Black "Wieggers, Wouter"]
[Result "0-1"]
[WhiteElo "1710"]
[BlackElo "1580"]
[PlyCount "98"]
[EventDate "2020.05.??"]

1. e4 c5 2. Nf3 Nc6 3. d4 cxd4 4. Nxd4 g6 5. c4 Bg7 6. Be3 Nf6 7. Nc3 O-O 8.
Be2 d6 9. O-O a6 10. b3 Nxd4 11. Bxd4 Bd7 12. Rb1 Bc6 13. f3 Rb8 14. a3 b5 15.
b4 bxc4 16. Bxc4 Bb5 17. Nxb5 axb5 18. Bd3 Qd7 19. Qe2 Rfc8 20. Rfc1 Rxc1+ 21.
Rxc1 Nh5 22. Be3 Nf6 23. Rc2 e6 24. Kf2 Qb7 25. Rc1 Nd7 26. Qd2 Ne5 27. Be2 Qa6
28. Bd4 Qxa3 29. Bxe5 Bxe5 30. f4 Bg7 31. Rc6 d5 32. exd5 exd5 33. Rc5 d4 34.
Rxb5 Rxb5 35. Bxb5 Qa7 36. Kf1 Qb6 37. Qd3 Qf6 38. g3 Qb6 39. Kg2 Qb7+ 40. Kg1
Qe7 41. Kf2 Qxb4 42. Bc4 Qb2+ 43. Kf3 Qxh2 44. Qe2 Qh1+ 45. Qg2 Qd1+ 46. Qe2
Qh1+ 47. Qg2 Qh5+ 48. Kf2 Qa5 49. Kf3 Qc3+ 0-1

[Event "NK C Jeugd"]
[Site "Chess.com"]
[Date "2020.05.01"]
[Round "6"]
[White "Huang, Wendy"]
[Black "Grooten, Tommy"]
[Result "1-0"]
[WhiteElo "1879"]
[BlackElo "1839"]
[PlyCount "91"]
[EventDate "2020.05.??"]

1. e4 c5 2. Nf3 e6 3. c3 Nf6 4. e5 Nd5 5. d4 cxd4 6. cxd4 Nc6 7. a3 d6 8. Bd3
Be7 9. O-O Qc7 10. Qc2 Bd7 11. Nc3 Nxc3 12. Qxc3 Rc8 13. Bf4 dxe5 14. dxe5 Qb8
15. Qd2 O-O 16. Rac1 a6 17. Qe3 b5 18. Qe4 g6 19. Bh6 Rfd8 20. h4 Na5 21. Ng5
Nc6 22. Rfe1 Qa7 23. Qf4 Be8 24. h5 Rxd3 25. hxg6 fxg6 26. Rc3 Rxc3 27. bxc3
Na5 28. Re3 Bc5 29. Rf3 Bc6 30. Rd3 Qe7 31. Qg4 Bd5 32. Qh4 Re8 33. Rh3 Rd8 34.
Qf4 Rd7 35. Rd3 Nc4 36. Rh3 Nxa3 37. Rg3 Nc4 38. Rh3 a5 39. Rh4 a4 40. Ne4 Bxe4
41. Qxe4 a3 42. Rg4 Qf7 43. Qa8+ Bf8 44. Rf4 Nxe5 45. Qxf8+ Qxf8 46. Rxf8# 1-0

[Event "NK C Jeugd"]
[Site "Chess.com"]
[Date "2020.05.01"]
[Round "6"]
[White "Labruyère, Roger"]
[Black "Kumar, Prajit Sai"]
[Result "1-0"]
[WhiteElo "1923"]
[BlackElo "1829"]
[PlyCount "129"]
[EventDate "2020.05.??"]

1. e4 c5 2. Nf3 d6 3. c3 Nf6 4. Qc2 g6 5. d4 cxd4 6. cxd4 Bg7 7. Nc3 O-O 8. Be2
Bg4 9. O-O Nc6 10. Be3 Rc8 11. h3 Bxf3 12. Bxf3 Nd7 13. Rac1 Bxd4 14. Bxd4 Nxd4
15. Qd3 Nxf3+ 16. Qxf3 Nf6 17. Rfd1 Qb6 18. Qe2 Rfd8 19. g4 Qa6 20. Qxa6 bxa6
21. g5 Nd7 22. Nd5 Kf8 23. b4 Nb6 24. Nc7 e6 25. Nxa6 Ke7 26. Nc7 Kd7 27. Nb5
Rxc1 28. Rxc1 Rc8 29. Rd1 d5 30. a3 a6 31. Nd4 Rc3 32. exd5 Nxd5 33. b5 axb5
34. Nxb5 Rb3 35. a4 Rxh3 36. Ra1 Kc6 37. Nd4+ Kb6 38. a5+ Ka6 39. Nc6 Rc3 40.
Nb8+ Kb7 41. Nd7 Rc7 42. Ne5 Ka6 43. Nd3 Ne7 44. Nb4+ Ka7 45. Kg2 Nc6 46. Rc1
Kb7 47. a6+ Kb6 48. Nxc6 Rxc6 49. a7 Rxc1 50. a8=Q Rc7 51. Qh8 Kc6 52. Qxh7 Kd6
53. Qh2+ Kd7 54. Qe5 Kd8 55. Qd6+ Rd7 56. Qf8+ Kc7 57. Kf3 Kc6 58. Ke4 Kc7 59.
Ke5 Rd5+ 60. Kf6 Rf5+ 61. Kg7 Kd7 62. Qa8 Rxg5 63. Kxf7 Kd6 64. Qd8+ Ke5 65.
Qxg5+ 1-0

[Event "NK C Jeugd"]
[Site "Chess.com"]
[Date "2020.05.01"]
[Round "6"]
[White "Qi, Zimo"]
[Black "Shadrin, Mitia"]
[Result "1-0"]
[WhiteElo "1724"]
[BlackElo "1603"]
[PlyCount "71"]
[EventDate "2020.05.??"]

1. d4 Nf6 2. c4 c5 3. d5 b5 4. cxb5 a6 5. bxa6 Bxa6 6. Nc3 g6 7. e4 Bxf1 8.
Kxf1 d6 9. Nf3 Nbd7 10. g3 Bg7 11. Kg2 O-O 12. a4 Qb6 13. Qe2 Qb7 14. Nb5 Rfb8
15. Ra3 Ng4 16. h3 Nge5 17. b3 Nxf3 18. Qxf3 Ne5 19. Qe2 f5 20. f3 fxe4 21.
fxe4 Rf8 22. Rf1 Rxf1 23. Kxf1 Rf8+ 24. Kg2 Qc8 25. Bf4 Nd7 26. Qd3 Ne5 27.
Bxe5 Bxe5 28. a5 Rf6 29. a6 Qf8 30. Ra2 h5 31. a7 h4 32. a8=Q Rf2+ 33. Rxf2
Qxa8 34. Nc7 Qb8 35. Ne6 hxg3 36. Rf8+ 1-0

[Event "NK C Jeugd"]
[Site "Chess.com"]
[Date "2020.05.01"]
[Round "6"]
[White "Smeets, Kobe"]
[Black "Bakija, Alan"]
[Result "1-0"]
[WhiteElo "2007"]
[BlackElo "1765"]
[PlyCount "39"]
[EventDate "2020.05.??"]

1. e4 c6 2. d4 d5 3. Nc3 dxe4 4. Nxe4 Bf5 5. Ng3 Bg6 6. N1e2 h6 7. Nf4 Bh7 8.
Bc4 e6 9. O-O Nf6 10. Re1 Nd5 11. Bxd5 cxd5 12. Qh5 Qa5 13. Rxe6+ Be7 14. Nxd5
Nc6 15. Rxe7+ Kd8 16. Qxf7 Nxe7 17. Qxe7+ Kc8 18. Qe6+ Kd8 19. Qd6+ Kc8 20.
Ne7# 1-0

[Event "NK C Jeugd"]
[Site "Chess.com"]
[Date "2020.05.01"]
[Round "6"]
[White "Van Foreest, Nanne"]
[Black "Slagboom, Leandro"]
[Result "1-0"]
[WhiteElo "1910"]
[BlackElo "1896"]
[PlyCount "69"]
[EventDate "2020.05.??"]

1. e4 c5 2. Nf3 d6 3. d4 cxd4 4. Nxd4 Nf6 5. Nc3 a6 6. Bg5 Nbd7 7. f4 Qc7 8.
Qf3 b5 9. O-O-O Bb7 10. g4 e6 11. Bd3 b4 12. Na4 Qa5 13. b3 Nc5 14. Bxf6 gxf6
15. Nxc5 dxc5 16. Ne2 Qxa2 17. Kd2 Qa5 18. Ra1 Qc7 19. Rhf1 Be7 20. Qe3 Rd8 21.
e5 fxe5 22. fxe5 h6 23. Kd1 Rd5 24. Nf4 Rxe5 25. Qf2 Bg5 26. h4 Bxf4 27. Qxf4
Kd8 28. Qf6+ Kd7 29. Qxh8 Qd6 30. Rxf7+ Kc6 31. Qe8+ Kb6 32. Qd7 Qb8 33. Rf6
Bd5 34. Ra4 Qh8 35. Rxa6# 1-0

[Event "NK C Jeugd"]
[Site "Chess.com"]
[Date "2020.05.01"]
[Round "6"]
[White "Wierenga, Jael"]
[Black "Kazarjan, Gachatur"]
[Result "1-0"]
[WhiteElo "1894"]
[BlackElo "1458"]
[PlyCount "67"]
[EventDate "2020.05.??"]

1. d4 e6 2. c4 d5 3. Nc3 Nf6 4. cxd5 exd5 5. Bf4 c5 6. Nf3 Nc6 7. e3 Be7 8. Bb5
O-O 9. O-O a6 10. Bxc6 bxc6 11. Ne5 cxd4 12. Nxc6 Qe8 13. Nxe7+ Qxe7 14. exd4
Bg4 15. Qe1 Qd7 16. f3 Be6 17. Qe5 Rfe8 18. Qd6 Qb7 19. Na4 Rad8 20. Qb6 Qd7
21. Nc5 Qe7 22. Qxa6 Ra8 23. Qd3 g6 24. Rfe1 Qa7 25. Nxe6 fxe6 26. Re5 Nd7 27.
Re3 Qb6 28. b3 Kf7 29. a4 e5 30. dxe5 Nxe5 31. Qxd5+ Kf6 32. Bxe5+ Kg5 33. Bd4+
Re5 34. Qxe5+ 1-0